Stability of motion / (Record no. 69753)
[ view plain ]
| 000 -LEADER | |
|---|---|
| fixed length control field | 01001nam a2200277 a 4500 |
| 001 - CONTROL NUMBER | |
| control field | 69753 |
| 003 - CONTROL NUMBER IDENTIFIER | |
| rucl marc code | BD-RjUL |
| 005 - DATE AND TIME OF LATEST TRANSACTION | |
| control field | 20211209081925.0 |
| 008 - FIXED-LENGTH DATA ELEMENTS--GENERAL INFORMATION | |
| fixed length control field | 170413s1967 gw b 001 0 eng d |
| 035 ## - SYSTEM CONTROL NUMBER | |
| System control number | (BD-RjUL)69965 |
| 040 ## - CATALOGING SOURCE | |
| Original cataloging agency | DLC |
| Transcribing agency | DLC |
| Modifying agency | BD-RjUL |
| Language of cataloging | eng |
| 041 ## - LANGUAGE CODE | |
| Language code of text/sound track or separate title | eng |
| 082 ## - DEWEY DECIMAL CLASSIFICATION NUMBER | |
| Classification number | 510 |
| Edition number | 23 |
| Author mark and year | HAS 1967 |
| 100 1# - MAIN ENTRY--PERSONAL NAME | |
| Personal name | Hahn, Wolfgang, |
| Dates associated with a name | 1911- |
| 9 (RLIN) | 206614 |
| 245 10 - TITLE STATEMENT | |
| Title | Stability of motion / |
| Statement of responsibility, etc. | Wolfgang Hahn translated by Arne P. Baartz. |
| 260 ## - PUBLICATION, DISTRIBUTION, ETC. (IMPRINT) | |
| Place of publication, distribution, etc. | Berlin ; |
| -- | New York : |
| Name of publisher, distributor, etc. | Springer-Verlag, |
| Date of publication, distribution, etc. | 1967. |
| 300 ## - PHYSICAL DESCRIPTION | |
| Pagination | ix, 446 p. : |
| Illustrations | ill. ; |
| Size | 25 cm. |
| 490 1# - SERIES STATEMENT | |
| Series statement | Die Grundlehren der mathematischen Wissenschaften in Einzeldarstellungen, |
| Volume/sequential designation | Bd. 138 |
| Series statement | GDB*** |
| 504 ## - BIBLIOGRAPHY, ETC. NOTE | |
| Bibliography, etc | Includes bibliography and index |
| 650 #0 - SUBJECT ADDED ENTRY--TOPICAL TERM | |
| Topical term or geographic name as entry element | Mathematics |
| 9 (RLIN) | 155910 |
| Topical term or geographic name as entry element | Stability |
| 9 (RLIN) | 155910 |
| 700 ## - ADDED ENTRY--PERSONAL NAME | |
| Personal name | Baartz, Arne P. |
| 830 #0 - SERIES ADDED ENTRY--UNIFORM TITLE | |
| Uniform title | Grundlehren der mathematischen Wissenschaften in Einzeldarstellungen mit besonderer Berücksichtigung der Anwendungsgebiete ; |
| Volume number/sequential designation | Bd. 138. |
| 942 ## - ADDED ENTRY ELEMENTS (KOHA) | |
| Source of classification or shelving scheme | Dewey Decimal Classification |
| Koha item type | Books |
| Lost status | Source of classification or shelving scheme | Damaged status | Not for loan | Collection code | Permanent Location | Current Location | Shelving location | Date acquired | Source of acquisition | Cost, normal purchase price | Total Checkouts | Full call number | Date last seen | Copy number | Koha item type |
|---|---|---|---|---|---|---|---|---|---|---|---|---|---|---|---|
| Dewey Decimal Classification | Not For Loan | Non-fiction | Central Library, University of Rajshahi | Central Library, University of Rajshahi | Reading Room | 31/12/1968 | Zeitlinger | 326.00 | 510 HAS 1967 | 13/04/2017 | C-1 | Books |